000 00443nam a2200145Ia 4500
008 100204s9999 xx 000 0 und d
082 _b12393
100 _aरायकर प्रतिभा
245 _aविधिलिखित
260 _b"प्रिया प्रकाशन, मुंबई"
_c1990
300 _a198
630 _aविधिलिखित
730 _aविधिलिखित
942 _cBOOK
999 _c456826
_d456823